Reálna konvergencia SR
Reálna konvergencia Slovenskej republiky k EÚ predstavuje proces približovania reálnych parametrov SR k parametrom EÚ. Základným parametrom reálnej konvergencie je v tomto kontexte ekonomická výkonnosť krajiny vyjadrená ako hrubý domácí produkt na obyvateľa v parite kúpnej síly. Príspevok analyzuj...
Gespeichert in:
| 1. Verfasser: | |
|---|---|
| Format: | Buchkapitel |
| Sprache: | Slowakisch |
| Schlagworte: | |
| Tags: |
Keine Tags, Fügen Sie das erste Tag hinzu!
|
MARC
| LEADER | 00000nla$a2200000$$$4500 | ||
|---|---|---|---|
| 001 | 0094003 | ||
| 005 | 20240502083237.8 | ||
| 041 | 0 | |a slo | |
| 044 | |a CZ | ||
| 245 | 1 | 0 | |a Reálna konvergencia SR |c Libuša Čurlejová |
| 520 | |a Reálna konvergencia Slovenskej republiky k EÚ predstavuje proces približovania reálnych parametrov SR k parametrom EÚ. Základným parametrom reálnej konvergencie je v tomto kontexte ekonomická výkonnosť krajiny vyjadrená ako hrubý domácí produkt na obyvateľa v parite kúpnej síly. Príspevok analyzuje proces reálnej konvergencie SR a je zameraný na hodnotenie vybraných kritérií reálnej konvergencie SR. Veľkou výzvou pre ekonomiku SR preto stále zostáva rast HDP, približovanie komparatívnej cenovej hladiny a cenová a kurzová stabilita. | ||
| 610 | 2 | 0 | |a konvergencia |
| 610 | 2 | 0 | |a ceny |
| 610 | 2 | 0 | |a produkt domáci hrubý |
| 610 | 2 | 0 | |a Slovensko |
| 610 | 2 | 0 | |a Európska únia |
| 100 | 1 | |a Čurlejová, Libuša | |